Advanced cardiac life support provider manual / (Record no. 13472)
[ view plain ]
| 000 -LEADER | |
|---|---|
| fixed length control field | 01684nam a2200433 a 4500 |
| 001 - CONTROL NUMBER | |
| control field | 13472 |
| 005 - DATE AND TIME OF LATEST TRANSACTION | |
| control field | 20260206123524.0 |
| 008 - FIXED-LENGTH DATA ELEMENTS--GENERAL INFORMATION | |
| fixed length control field | 980818s1997 txua b 001 0 eng d |
| 010 ## - LIBRARY OF CONGRESS CONTROL NUMBER | |
| LC control number | 98203719 |
| 020 ## - INTERNATIONAL STANDARD BOOK NUMBER | |
| International Standard Book Number | 0874933277 |
| 020 ## - INTERNATIONAL STANDARD BOOK NUMBER | |
| International Standard Book Number | 9780874933277 |
| 035 ## - SYSTEM CONTROL NUMBER | |
| System control number | 2152670 |
| 035 ## - SYSTEM CONTROL NUMBER | |
| System control number | (OCoLC)39711708 |
| 040 ## - CATALOGING SOURCE | |
| Original cataloging agency | BSULIB |
| 042 ## - AUTHENTICATION CODE | |
| Authentication code | lccopycat |
| 050 04 - LIBRARY OF CONGRESS CALL NUMBER | |
| Classification number | RC675 |
| Item number | .A376 2001 |
| 082 00 - DEWEY DECIMAL CLASSIFICATION NUMBER | |
| Classification number | 616.1/23025 |
| Edition number | 21 |
| 245 00 - TITLE STATEMENT | |
| Title | Advanced cardiac life support provider manual / |
| Statement of responsibility, etc | American Heart Association ; editor, Richard O. Cummins. |
| 246 30 - VARYING FORM OF TITLE | |
| Title proper/short title | ACLS |
| 260 ## - PUBLICATION, DISTRIBUTION, ETC. (IMPRINT) | |
| Place of publication, distribution, etc | [Dallas, Tex.] : |
| Name of publisher, distributor, etc | American Heart Association, |
| Date of publication, distribution, etc | c2001. |
| 300 ## - PHYSICAL DESCRIPTION | |
| Extent | 1 v. (various pagings) : |
| Other physical details | ill. ; |
| Dimensions | 28 cm. |
| 500 ## - GENERAL NOTE | |
| General note | "2001` Emergency Cardiovascular Care Programs"--P. [1] of cover. |
| 504 ## - BIBLIOGRAPHY, ETC. NOTE | |
| Bibliography, etc | Includes bibliographical references and index. |
| 650 #0 - SUBJECT ADDED ENTRY--TOPICAL TERM | |
| Topical term or geographic name as entry element | Cardiac resuscitation |
| General subdivision | Study and teaching. |
| 9 (RLIN) | 13845 |
| 650 #0 - SUBJECT ADDED ENTRY--TOPICAL TERM | |
| Topical term or geographic name as entry element | Cardiac arrest |
| General subdivision | Study and teaching. |
| 9 (RLIN) | 13846 |
| 650 #0 - SUBJECT ADDED ENTRY--TOPICAL TERM | |
| Topical term or geographic name as entry element | Cardiovascular emergencies |
| General subdivision | Study and teaching. |
| 9 (RLIN) | 13847 |
| 650 #0 - SUBJECT ADDED ENTRY--TOPICAL TERM | |
| Topical term or geographic name as entry element | Emergency medical services. |
| 9 (RLIN) | 13848 |
| 650 #2 - SUBJECT ADDED ENTRY--TOPICAL TERM | |
| Topical term or geographic name as entry element | Cardiopulmonary Resuscitation. |
| 9 (RLIN) | 13849 |
| 650 #2 - SUBJECT ADDED ENTRY--TOPICAL TERM | |
| Topical term or geographic name as entry element | Emergency Medicine |
| General subdivision | education. |
| 9 (RLIN) | 13850 |
| 650 #2 - SUBJECT ADDED ENTRY--TOPICAL TERM | |
| Topical term or geographic name as entry element | Heart Arrest |
| General subdivision | therapy. |
| 9 (RLIN) | 13851 |
| 650 #2 - SUBJECT ADDED ENTRY--TOPICAL TERM | |
| Topical term or geographic name as entry element | Life Support Care. |
| 9 (RLIN) | 13852 |
| 700 1# - ADDED ENTRY--PERSONAL NAME | |
| Personal name | Cummins, Richard O. |
| 9 (RLIN) | 13853 |
| 710 2# - ADDED ENTRY--CORPORATE NAME | |
| Corporate name or jurisdiction name as entry element | American Heart Association. |
| 9 (RLIN) | 13854 |
| 730 0# - ADDED ENTRY--UNIFORM TITLE | |
| Uniform title | Emergency cardiovascular care programs. |
| 9 (RLIN) | 13855 |
| 906 ## - LOCAL DATA ELEMENT F, LDF (RLIN) | |
| a | 7 |
| b | cbc |
| c | copycat |
| d | 2 |
| e | ncip |
| f | 19 |
| g | y-gencatlg |
| 942 ## - ADDED ENTRY ELEMENTS (KOHA) | |
| Source of classification or shelving scheme | Dewey Decimal Classification |
| Item type | Books |
| Withdrawn status | Lost status | Source of classification or shelving scheme | Damaged status | Not for loan | Home library | Current library | Shelving location | Date acquired | Inventory number | Total Checkouts | Full call number | Barcode | Date last seen | Copy number | Price effective from | Koha item type | Public note |
|---|---|---|---|---|---|---|---|---|---|---|---|---|---|---|---|---|---|
| Dewey Decimal Classification | Main Library | Main Library | Open Shelves | 06/02/2026 | 18012 | 616.1/23025 | bsu26020140 | 06/02/2026 | 001 | 06/02/2026 | Books | Material Available in Hardcopy |